Statistics for What US State Flag is this?

Click here to take the quiz!

General Stats

  • This quiz has been taken 15 times
  • The average score is 6 of 10

Answer Stats

Answer% Correct
Maryland
100%
South Carolina
90%
New Mexico
80%
Florida
70%
Alabama
60%
Hawaii
60%
Tennessee
60%
Washington DC
40%
Missouri
30%
New Jersey
30%

Score Distribution

Percentile by Number Answered

Percent of People with Each Score

Your Score History

You have not taken this quiz